Obálka Náhled e-knihy:
Epub
Pro půjčování e-knih musíte být přihlášeni.
Jak si půjčit online?

Ateliér Rosen. Sny nové doby /

Pokračování romantické série ze světa módních salónů, které se i v první polovině 19. století snažily zajistit zvláště svým klientkám půvabný vzhled, vkus a eleganci.

Uloženo v:
Série:Ateliér Rosen, část 2
Hlavní autor: Jacobs, Anne, 1950- (Autor)
Další autoři: Kufnerová, Zlata, 1935- (Autor)
Médium: E-kniha
Jazyk:Czech
Vydáno: Praha : Ikar, 2023
Vydání:Vydání první
Témata:
On-line přístup:Plný text - pro registrované uživatele NK ČR
Příbuzné jednotky:Z cyklu:: Ateliér Rosen
Tagy:
Žádné tagy
LEADER 03104nam a2200493 i 4500
001 311959
003 CZ PrSKC
005 20260601215714.0
007 ta
008 230606s2023 xr g 000 f cze
015 |a cnb003500192 
020 |a 9788024950655  |q (vázáno) 
035 |a (OCoLC)1393198637 
040 |a ABG001  |b cze  |d BOA001  |e rda 
041 1 |a cze  |h ger 
072 7 |a 821.112.2-3  |x Německá próza, německy psaná  |2 Konspekt 
080 |a 821.112.2-31  |2 MRF 
080 |a (0:82-31)-055.2  |2 MRF 
100 1 |a Jacobs, Anne,  |d 1950-  |7 xx0217622  |4 aut 
240 1 0 |a Träume einer neuen Zeit.  |l Česky 
245 1 0 |a Ateliér Rosen.  |p Sny nové doby /  |c Anne Jacobsová alias Marie Lamballe ; z německého originálu Atelier Rosen, die Frauen aus der Marktgasse ... přeložila Zlata Kufnerová 
246 3 0 |a Sny nové doby 
250 |a Vydání první 
264 1 |a Praha :  |b Ikar,  |c 2023 
300 |a 367 stran ;  |c 24 cm 
336 |a text  |b txt  |2 rdacontent 
337 |a bez média  |b n  |2 rdamedia 
338 |a svazek  |b nc  |2 rdacarrier 
500 |a V tiráži chybně uveden název originálu: Atelier Rosen. Die Frauen aus der Marktgasse, správně má být: Mode-Atelier Rosen. Träume einer neuen Zeit 
520 2 |a Pokračování romantické série ze světa módních salónů, které se i v první polovině 19. století snažily zajistit zvláště svým klientkám půvabný vzhled, vkus a eleganci.  |b Kassel, 1834. V Ateliéru Rosen vládne čilý ruch. Elisa má po svém návratu do Tržní uličky plné ruce práce, nová učnice má ulevit jí i ostatním modistkám. Matka Charlotta není zpočátku novými uchazečkami příliš nadšená - a už vůbec ne nenápadnou Gretou. Zatímco však Greta překvapí netušeným nadáním, Elisa horečně očekává návštěvu svého otce. Když se konečně objeví, doprovází ho veselý student, jemuž se půvabná Elisa na první pohled zalíbí. Brzy však na mladíkovy úmysly padne pochybné světlo - a ožehavé tajemství přivede Elisu opět do velkých potíží... Nakladatelská anotace. 
655 7 |a německé romány  |7 fd132945  |2 czenas 
655 7 |a romány pro ženy  |7 fd187897  |2 czenas 
655 9 |a German fiction  |2 eczenas 
655 9 |a women's novels  |2 eczenas 
700 1 |a Kufnerová, Zlata,  |d 1935-  |7 jk01070689  |4 trl 
765 1 |t Atelier Rosen 
787 0 8 |i Z cyklu:  |t Ateliér Rosen  |g 2 
856 4 1 |u https://www.bookport.cz/AccountSaml/SignIn/?idp=https%3A%2F%2Fshibboleth.nkp.cz%2Fidp%2Fshibboleth&returnUrl=/kniha/atelier-rosen-2-sny-nove-doby-13702/  |y Plný text - pro registrované uživatele NK ČR  |4 N 
900 |a ABA001  |b 21 
928 9 |a Euromedia Group - Ikar 
044 |a xr 
910 |a RBIT002 
998 |d 378134  |a https://core.palmknihy.cz/api/books/378134/cover?rviv18  |b https://core.palmknihy.cz/api/books/378134/cover/400?rviv18  |c https://core.palmknihy.cz/api/books/378134/cover/50?rviv18  |e 2027-10-17  |g 368  |i 9788024950655  |j https://core.palmknihy.cz/api/books/378134/preview.epub  |l   |q 49  |r 1  |s https://www.palmknihy.cz/kniha/378134  |t ebook  |y 2023  |z 0  |v Ateliér Rosen  |w 2 
999 |d 311957